000
00241 a2200097 4500
001
52724
100
_a
Braverman J D
245
_a
Fundamentals of Statistical Quality Control
260
_a
Reston
_b
Reston Pub. Co.
_c
090
_c
33168
_d
33168
942
_a
NUST-CAE
_c
M
_c
25745
999
_c
287797
_d
287797